| 000 | 00440nam a2200145Ia 4500 | ||
|---|---|---|---|
| 008 | 230411s9999 xx 000 0 und d | ||
| 020 | _a978-93-5152-871-5 | ||
| 041 | _aeng | ||
| 082 | _aF/610.7361/LEE/B08228 | ||
| 100 |
_aLeeuwen Anne & Bladh Mickey _9179859 |
||
| 245 | _aDavis's Comprehensive Handbook of Laboratory and Diagnostic Tests | ||
| 260 |
_bF A Davis Company _aNew Delhi _c2015 |
||
| 300 | _a1786p | ||
| 999 |
_c158045 _d158045 |
||